La naturaleza jurídica de la reaparación del daño desde una perspectiva penologica, criminologica, dogmatica, procesalista y político criminal /

Guardado en:
Autor Principal: Sueiro, Carlos Christian
Formato: Libro
Idioma:Spanish
Publicado: Buenos Aires : Fabián J. Di Plácido, 2006
Edición:1a. ed.
Materias:
Etiquetas: Agregar Etiqueta
Sin Etiquetas, Sea el primero en etiquetar este registro!
LEADER 00623nam a22001695a 4500
001 DER.der003776
008 180615s2006####ag#||||||||||||||#||spa||
005 20260205132504.0
245 1 0 |a La naturaleza jurídica de la reaparación del daño desde una perspectiva penologica, criminologica, dogmatica, procesalista y político criminal /  |c Carlos Christian Sueiro 
250 |a 1a. ed. 
260 |a Buenos Aires :  |b Fabián J. Di Plácido,  |c 2006 
300 |a 104 p. 
020 |a 9879382609 
100 1 |a Sueiro, Carlos Christian 
653 |a DERECHO PENAL 
650 7 |a Criminología  |2 SAIJ 
859 |a DERECHO  |b BIB. DERECHO  |h 345  |i SUE  |p 005356